<?xml version="1.0" encoding="UTF-8"?>
<record
    xmlns:xsi="http://www.w3.org/2001/XMLSchema-instance"
    xsi:schemaLocation="http://www.loc.gov/MARC21/slim http://www.loc.gov/standards/marcxml/schema/MARC21slim.xsd"
    xmlns="http://www.loc.gov/MARC21/slim">

  <leader>01636nam a2200205   4500</leader>
  <controlfield tag="003">KOHA_M&#x130;RAKIL</controlfield>
  <controlfield tag="005">20260415081353.0</controlfield>
  <controlfield tag="008">260415b        tu ||||| |||| 00| 0 tur d</controlfield>
  <datafield tag="040" ind1=" " ind2=" ">
    <subfield code="a">TR-AnABB</subfield>
    <subfield code="b">tur</subfield>
    <subfield code="c">TR-AnABB</subfield>
  </datafield>
  <datafield tag="041" ind1=" " ind2=" ">
    <subfield code="a">tur</subfield>
  </datafield>
  <datafield tag="082" ind1=" " ind2=" ">
    <subfield code="a">711.07</subfield>
    <subfield code="b">BOL 1984</subfield>
  </datafield>
  <datafield tag="111" ind1="2" ind2=" ">
    <subfield code="a">B&#xF6;lge Planlama Semineri </subfield>
    <subfield code="d">(1984: </subfield>
    <subfield code="c">&#x130;stanbul)</subfield>
    <subfield code="9">3447</subfield>
  </datafield>
  <datafield tag="245" ind1="1" ind2="0">
    <subfield code="a">B&#xF6;lge planlama semineri /</subfield>
    <subfield code="c">&#x130;stanbul Teknik &#xDC;niversitesi Mimarl&#x131;k Fak&#xFC;ltesi &#x15E;ehir ve B&#xF6;lge Planlamas&#x131; B&#xF6;l&#xFC;m&#xFC;</subfield>
  </datafield>
  <datafield tag="260" ind1=" " ind2=" ">
    <subfield code="a">&#x130;stanbul : </subfield>
    <subfield code="b">&#x130;T&#xDC; Mimarl&#x131;k Fak&#xFC;ltesi,</subfield>
    <subfield code="c">1984</subfield>
  </datafield>
  <datafield tag="300" ind1=" " ind2=" ">
    <subfield code="a">58 sayfa ; </subfield>
    <subfield code="c">30 cm</subfield>
  </datafield>
  <datafield tag="505" ind1=" " ind2=" ">
    <subfield code="a">&#x130;&#xE7;indekiler: M&#xFC;nih Teknik &#xDC;niversitesi - &#x15E;ehir ve B&#xF6;lge Planlama K&#xFC;rs&#xFC;s&#xFC; &#x15E;efi Prof. Dr. Gerd. Albers'&#x130;n mektubu - Dortmun &#xDC;niversitesi - Mekan Planlamas&#x131; B&#xF6;l&#xFC;m&#xFC; &#xD6;&#x11F;retim &#xDC;yesi Prof. Dr. Peter Zconicky'nin g&#xF6;r&#xFC;&#x15F;leri - Kaiserslajtern &#xDC;niversitesi - Mekan ve &#xC7;evre PLanlamas&#x131; E&#x11F;itimi - Berlin Teknik &#xDC;niversitesi - &#x15E;ehir ve B&#xF6;lge PLanlamas&#x131; E&#x11F;itimi - Oldenburg &#xDC;niversitesi'nde Mekan planlamas&#x131; - Karlsrshe Fridericiana &#xDC;niversitesi'nde b&#xF6;lge planlama e&#x11F;itimi - Z&#xFC;rih Teknik &#xDC;niversitesi Mekan Planlama Metodu K&#xFC;rs&#xFC;s&#xFC; &#x15E;efi Prof. Dr. Jacob Maurer'in g&#xF6;r&#xFC;&#x15F;&#xFC; - Zurih Teknik &#xDC;niversitesi'nde Mekan Planlama - &#x130;ngiltere'de planc&#x131; e&#x11F;itimi &#xFC;zerine Dr. Taner Uc'&#xDC;n g&#xF6;r&#xFC;&#x15F;&#xFC; - &#x130;T&#xDC; Mimarl&#x131;k Fak&#xFC;ltesi - Mimarl&#x131;k Fak&#xFC;ltesi &#x15E;ehir ve B&#xF6;lge Planlamas&#x131; E&#x11F;itimi - ABD'de Planlama E&#x11F;itimi _ B&#xF6;lge Planlama e&#x11F;itimi &#xFC;zerine Do&#xE7;. Dr. OrHan G&#xF6;&#xE7;er'in g&#xF6;r&#xFC;&#x15F;&#xFC;</subfield>
  </datafield>
  <datafield tag="650" ind1="0" ind2="4">
    <subfield code="a">&#x15E;ehir ve b&#xF6;lge planlama, E&#x11F;itim ve &#xF6;&#x11F;retim</subfield>
  </datafield>
  <datafield tag="650" ind1="0" ind2="4">
    <subfield code="a">E&#x11F;itim planlamas&#x131;, Y&#xFC;ksek&#xF6;&#x11F;retim</subfield>
  </datafield>
  <datafield tag="942" ind1=" " ind2=" ">
    <subfield code="2">ddc</subfield>
    <subfield code="c">BK</subfield>
  </datafield>
  <datafield tag="952" ind1=" " ind2=" ">
    <subfield code="0">0</subfield>
    <subfield code="1">0</subfield>
    <subfield code="2">ddc</subfield>
    <subfield code="7">0</subfield>
    <subfield code="a">RUK</subfield>
    <subfield code="b">RUK</subfield>
    <subfield code="d">2026-04-15</subfield>
    <subfield code="l">0</subfield>
    <subfield code="o">711.07 BOL 1984</subfield>
    <subfield code="p">RK7085</subfield>
    <subfield code="r">2026-04-15 08:14:08</subfield>
    <subfield code="w">2026-04-15</subfield>
    <subfield code="y">BK</subfield>
  </datafield>
  <datafield tag="999" ind1=" " ind2=" ">
    <subfield code="c">10244</subfield>
    <subfield code="d">10244</subfield>
  </datafield>
  <datafield tag="900" ind1=" " ind2=" ">
    <subfield code="b">Can &#xC7;ELIK</subfield>
  </datafield>
</record>
